| 000 | 00487nam a22001697a 4500 | ||
|---|---|---|---|
| 003 | NUST - PNEC | ||
| 005 | 20170116181046.0 | ||
| 008 | 150924b xxu||||| |||| 00| 0 eng d | ||
| 020 | _a0002157233 | ||
| 040 | _cLIBRARY | ||
| 082 | _a997.11 WOO | ||
| 100 |
_911723 _aWoodward, Sandy |
||
| 245 |
_aOne hundred days : the memoirs of the Falklands battle group commander _cSandy,Woodward |
||
| 260 | _cc 1992 | ||
| 650 |
_911724 _aFalkland Islands War--(1982) _xGeneral |
||
| 942 |
_2ddc _cBK |
||
| 999 |
_c68244 _d68244 |
||